| 000 | 00799nam a22002417a 4500 | ||
|---|---|---|---|
| 005 | 20240530110918.0 | ||
| 008 | 220221s2007 ua a g b 000 0 ara d | ||
| 017 | _bمصر. دار الكتب | ||
| 020 | _a9957242652 | ||
| 040 |
_aEG-CaGPL _cEG-CaGPL |
||
| 082 | 0 | 4 |
_221 _a415.1 \ _bع م |
| 100 | 1 | _aعبدالقادر عبدالجليل | |
| 245 | 1 | 2 |
_aالمعجم المعيارى لشبكات الفصائل النحوية / _cعبدالقادر عبدالجليل |
| 250 | _aط.1 | ||
| 260 |
_aعمان : _bدار صفاء، _c2007 |
||
| 300 |
_a639 ص؛ _c24 سم |
||
| 650 | 0 | 7 |
_aاللغة العربية _2qrmak |
| 650 | 0 | 7 |
_aفقه اللغه _2qrmak |
| 650 | 0 | 7 |
_aاللسانيات _2qrmak |
| 651 | _2qrmak | ||
| 942 |
_2ddc _cBK |
||
| 999 |
_c66438 _d66438 |
||